000 00620nam a2200229Ia 4500
003 OSt
005 20220918210452.0
006 a|||||r|||| 00| 0
007 ta
008 220917b |||||||| |||| 00| 0 eng d
024 _a120,655
037 _cTextual
040 _aARTS
_cARTS
_beng
041 _2eng
_aeng
082 _aV691:1:N0, D5
100 _aShaw GA
_9118358
245 0 _aMadagrascar and France with some account of the Island its people its resources and development
260 _c1905
650 _aHISTORY
942 _hV691:1:N0, D5
_cTEXL
_2CC
999 _c243913
_d243913